000 00435nam a2200181Ia 4500
003 LK-CoDNM
008 010623t1994 xxu||||| |||| 00| 1 Illegeable d
040 _aLK-CoDNM
_dLK-CoDNM
_eLK-CoDNM
041 _aIllegeable
080 _a902 RC
100 _aKooij,Karel.R.Van.
245 _aLe sage et les Dieux
260 _b?
_c1994
300 _b96p,Pl., 30 cm
650 _aStatu
700 _aMunneke,Roelof,J.
942 _cBK
999 _c116430
_d116430